[Event "GER-ch Seniors 23rd"]
[Site "Halle"]
[Date "2011.08.08"]
[Round "4"]
[White "Seidel, Arnold"]
[Black "Schmid, Hartmut"]
[Result "1-0"]
[WhiteElo "2018"]
[BlackElo "2168"]
[PlyCount "107"]
[EventDate "2011.08.05"]
[EventType "swiss"]
[EventRounds "9"]
[EventCountry "GER"]
[SourceTitle "CBM 144 Extra"]
[Source "ChessBase"]
[SourceDate "2011.10.28"]
[SourceVersion "1"]
[SourceVersionDate "2011.10.28"]
[SourceQuality "1"]

1. e4 c6 2. Nf3 d5 3. exd5 cxd5 4. d4 Nf6 5. Bd3 Nc6 6. c3 e6 7. Bg5 Be7 8. Qc2 h6 9. Bd2 Bd7 10. h3 Qc7 11. a4 e5 12. dxe5 Nxe5 13. Be2 Nxf3+ 14. Bxf3 Qe5+ 15. Be3 0-0 16. 0-0 Ne4 17. Bd4 Qf4 18. Be3 Qh4 19. Rd1 Bc6 20. Nd2 Ng5 21. Qf5 Rfd8 22. Bxg5 Bxg5 23. g3 Bd7 24. gxh4 Bxf5 25. hxg5 hxg5 26. Bg2 d4 27. c4 Rac8 28. b3 b6 29. Kh2 g4 30. Rac1 Rd6 31. hxg4 Bxg4 32. f3 Rh6+ 33. Kg3 Be6 34. Ne4 Rd8 35. Rd2 Rg6+ 36. Kf2 f5 37. Ng3 Rf6 38. Ne2 g5 39. Rxd4 Re8 40. Rd6 Kf7 41. Nd4 Bc8 42. Rxf6+ Kxf6 43. Nb5 Re7 44. Rd1 f4 45. Nc3 Kg7 46. Nd5 Rf7 47. Re1 Bb7 48. Re5 Kg6 49. Bh3 Ba8 50. Bf5+ Kh6 51. Re6+ Kg7 52. Rg6+ Kh7 53. Nf6+ Kh8 54. Rg8# 1-0